| 000 | 00505nam a2200181 a 4500 | ||
|---|---|---|---|
| 005 | 20220811064044.0 | ||
| 008 | 991125s1983 mx 000 0 spa u | ||
| 035 | _aUPN01000049605 | ||
| 049 | _aCG | ||
| 050 | 4 |
_aQP360 _bS3.68 |
|
| 100 | 1 | _aSchwarts, Marvin | |
| 245 | 1 | 0 |
_aPsicología fisiológica / _cMarvin Schwarts ; tr. J. M. Serradilla Manrique. |
| 260 |
_aMexico : _bAlhambra, _c1983. |
||
| 300 | _a474 p. | ||
| 440 | 0 | _aAlhambra universidad | |
| 650 | 4 |
_aPsicofisiología _9452 |
|
| 905 | _aLibro | ||
| 999 |
_c49605 _d49605 |
||